000 00594nam a2200169 a 4500
001 000039289
005 20201002031600.0
008 130621s2012 dr a 000 0 spa d
020 _a9789945489583
040 _aDO-SdBNP
_bspa
_cBNPHU
100 1 _aFortuna, Cassandro
_91441
245 1 0 _aHaití :
_bel eterno conflicto /
_cCassandro Fortuna.
260 _aSanto Domingo :
_bEditorial Santuario,
_c2012.
300 _a191 p. ;
_c23 cm.
500 _aIncluye datos biográficos del autor en la solapa de la cubierta
504 _aIncluye referencias bibliográficias y notas al pie de las páginas
999 _c38779
_d38779